000 00615nam a2200241Ia 4500
005 20260320201131.0
008 008 262003s9999 xx 000 0 eng d
037 _aEBOOK
040 _aCRL
040 _beng
040 _cCRL
041 _2eng
041 _aeng
084 _qCRL
100 _aFrery
_91134318
245 0 _aSAR Image Analysis - A Computational Statistics Approach: With R Code, Data, and Applications
260 _bIEEE
260 _c2022
856 _uhttps://ieeexplore.ieee.org/servlet/opac?bknumber=9844901
942 _cEBOOK
999 _c1719116
_d1719116